Democracy aborted: the manipulation of the constitution of Zambia and the electoral process, and the rigging of the 18 November, 1996 Presidential and Parliamentary Elections (Record no. 63423)
[ view plain ]
| 000 -LEADER | |
|---|---|
| fixed length control field | 00842nam a2200157 a 4500 |
| 008 - FIXED-LENGTH DATA ELEMENTS--GENERAL INFORMATION | |
| fixed length control field | 120416s1997 ||||||||||||||||| || u |
| 050 ## - LIBRARY OF CONGRESS CALL NUMBER | |
| Classification number | GOV.ZAM(02)1997/7 |
| 245 00 - TITLE STATEMENT | |
| Title | Democracy aborted: the manipulation of the constitution of Zambia and the electoral process, and the rigging of the 18 November, 1996 Presidential and Parliamentary Elections |
| 260 ## - PUBLICATION, DISTRIBUTION, ETC. | |
| Place of publication, distribution, etc. | Lusaka |
| Name of publisher, distributor, etc. | UNIP |
| Date of publication, distribution, etc. | 1997 |
| 300 ## - PHYSICAL DESCRIPTION | |
| Extent | 59p. : ill. |
| 350 ## - | |
| -- | 0.00 |
| 650 ## - SUBJECT ADDED ENTRY--TOPICAL TERM | |
| Topical term or geographic name entry element | ELECTIONS--ZAMBIA |
| 650 ## - SUBJECT ADDED ENTRY--TOPICAL TERM | |
| Topical term or geographic name entry element | ZAMBIA--POLITICS AND GOVERNMENT--UNITED NATIONAL INDEPENDENCE PARTY (UNIP) |
| 995 ## - | |
| -- | SPECIAL COLLECTIONS |
| -- | 0.00 |
| -- | 9003376 |
| -- | CBU-MAIN LIBRARY (Kitwe) |
| -- | 1 |
| -- | 0.00 |
| -- | GOV.ZAM(02) |
| -- | AVAILABLE |
| -- | 9003376 |
| -- | Zambiana Collection |
| 995 ## - | |
| -- | SPECIAL COLLECTIONS |
| -- | 0.00 |
| -- | 020648 |
| -- | CBU-MAIN LIBRARY (Kitwe) |
| -- | 1 |
| -- | 0.00 |
| -- | GOV.ZAM(02)1997/7 |
| -- | 1 |
| -- | AVAILABLE |
| -- | Jul 9, 2009 |
| -- | 020648 |
| -- | Zambiana Collection |
| 999 ## - | |
| -- | 63423 |
| -- | 63423 |
| Withdrawn status | Lost status | Source of classification or shelving scheme | Damaged status | Not for loan | Permanent Location | Current Location | Shelving location | Date acquired | Total Checkouts | Full call number | Barcode | Date last seen | Price effective from | Koha item type |
|---|---|---|---|---|---|---|---|---|---|---|---|---|---|---|
| CBU-MAIN LIBRARY, KITWE. | CBU-MAIN LIBRARY, KITWE. | 12/24/2022 | GOV.ZAM(02)1997/7 | 9003376 | 12/24/2022 | 12/24/2022 | MONOGRAPH | |||||||
| CBU-MAIN LIBRARY, KITWE. | CBU-MAIN LIBRARY, KITWE. | 12/24/2022 | GOV.ZAM(02)1997/7 | 020648 | 12/24/2022 | 12/24/2022 | MONOGRAPH |